Statistics for History Quiz: True or False? #1

Click here to take the quiz!

General Stats

  • This quiz has been taken 534 times
    (307 since last reset)
  • The average score is 8 of 15

Answer Stats

QuestionAnswer% Correct
The Habsburgs had protruding jaws.True
72%
Polynesians located and settled the Pacific islands using wave formations.True
72%
Guy Fawkes was Protestant when he died.False
71%
The Kingdom of Kush built more pyramids than Egypt.True
71%
Submitting to the Inca Empire was often beneficial.True
65%
The last mammoth died around 4,000 years ago.True
62%
The world's first jet aircraft was invented in the US.False
60%
Carthage was founded by Berbers.False
60%
The Ancestral Puebloans of North America built buildings with 200 rooms.True
58%
The Crusades were all fought between Christians and Muslims.False
46%
All buildings in Angkor were made of stone.False
44%
Ninjas typically wore black.False
43%
Thomas Crapper invented the modern flushing toilet.False
36%
Timur was descended from Genghis Khan.False
32%
The Silk Road was one long overland trade route.False
24%

Score Distribution

Percentile by Number Answered

Percent of People with Each Score

Your Score History

You have not taken this quiz since the last reset